| 000 | 00474cam a2200193ua 4500 | ||
|---|---|---|---|
| 020 | _c375.00 | ||
| 041 |
_aeng _h |
||
| 082 |
_a629.8 _bNAG/CO |
||
| 100 | _aNagrath, I.J . | ||
| 245 |
_aControl systems engineering / _cI.J.Nagrath. _hTextual Documents |
||
| 250 |
_a5 / _b. |
||
| 260 |
_aNew Delhi : _bNew Age International Ltd , _c2008. |
||
| 300 | _a ; . | ||
| 365 | _a375.00 | ||
| 504 | _a | ||
| 700 | 1 | _aGopal, M . | |
| 942 | _cBK | ||
| 999 |
_c13425 _d13425 |
||